<?xml version="1.0" encoding="UTF-8"?>
<record
    xmlns:xsi="http://www.w3.org/2001/XMLSchema-instance"
    xsi:schemaLocation="http://www.loc.gov/MARC21/slim http://www.loc.gov/standards/marcxml/schema/MARC21slim.xsd"
    xmlns="http://www.loc.gov/MARC21/slim">

  <leader>00951nam0a22002891  4500</leader>
  <controlfield tag="001">rc\3346545</controlfield>
  <controlfield tag="005">20250609182633.0</controlfield>
  <datafield tag="021" ind1=" " ind2=" ">
    <subfield code="a">RU</subfield>
    <subfield code="b">[74-61631]</subfield>
  </datafield>
  <datafield tag="035" ind1=" " ind2=" ">
    <subfield code="a">(NLR Aleph) 007433942</subfield>
  </datafield>
  <datafield tag="090" ind1=" " ind2=" ">
    <subfield code="a">7045116</subfield>
    <subfield code="c">7045116</subfield>
  </datafield>
  <datafield tag="100" ind1=" " ind2=" ">
    <subfield code="a">20130115d1974    |||y0rusy50      ca</subfield>
  </datafield>
  <datafield tag="101" ind1="1" ind2=" ">
    <subfield code="a">rus</subfield>
    <subfield code="c">mon</subfield>
  </datafield>
  <datafield tag="102" ind1=" " ind2=" ">
    <subfield code="a">RU</subfield>
  </datafield>
  <datafield tag="105" ind1=" " ind2=" ">
    <subfield code="a">a   z   |||||</subfield>
  </datafield>
  <datafield tag="200" ind1="1" ind2=" ">
    <subfield code="a">&#x41E;&#x442;&#x43A;&#x440;&#x44B;&#x432;&#x430;&#x44F; &#x43C;&#x438;&#x440;...</subfield>
    <subfield code="e">&#x41D;&#x43E;&#x432;&#x435;&#x43B;&#x43B;&#x44B;</subfield>
    <subfield code="e">[&#x414;&#x43B;&#x44F; &#x441;&#x440;&#x435;&#x434;. &#x432;&#x43E;&#x437;&#x440;&#x430;&#x441;&#x442;&#x430;]</subfield>
    <subfield code="f">&#x41F;&#x435;&#x440;. &#x441; &#x43C;&#x43E;&#x43D;&#x433;. [&#x413;. &#x41C;&#x430;&#x442;&#x432;&#x435;&#x435;&#x432;&#x43E;&#x439;</subfield>
    <subfield code="g">&#x412;&#x441;&#x442;&#x443;&#x43F;. &#x441;&#x442;&#x430;&#x442;&#x44C;&#x44F; &#x42E;. &#x421;&#x43E;&#x442;&#x43D;&#x438;&#x43A;&#x430;]</subfield>
    <subfield code="g">&#x420;&#x438;&#x441;. &#x411;. &#x41A;&#x43E;&#x448;&#x43E;&#x435;&#x432;&#x430;</subfield>
  </datafield>
  <datafield tag="210" ind1=" " ind2=" ">
    <subfield code="a">&#x41C;&#x43E;&#x441;&#x43A;&#x432;&#x430;</subfield>
    <subfield code="c">&#x414;&#x435;&#x442;. &#x43B;&#x438;&#x442;.</subfield>
    <subfield code="d">1974</subfield>
  </datafield>
  <datafield tag="215" ind1=" " ind2=" ">
    <subfield code="a">159 &#x441;.</subfield>
    <subfield code="c">&#x438;&#x43B;.</subfield>
    <subfield code="d">17</subfield>
  </datafield>
  <datafield tag="700" ind1=" " ind2="1">
    <subfield code="a">&#x422;&#x443;&#x434;&#x44D;&#x432;</subfield>
    <subfield code="b">&#x41B;.</subfield>
    <subfield code="f">1935-</subfield>
    <subfield code="g">&#x41B;&#x43E;&#x434;&#x43E;&#x43D;&#x433;&#x438;&#x439;&#x43D;</subfield>
  </datafield>
  <datafield tag="702" ind1=" " ind2="1">
    <subfield code="a">&#x421;&#x43E;&#x442;&#x43D;&#x438;&#x43A;</subfield>
    <subfield code="b">&#x42E;.</subfield>
    <subfield code="4">080</subfield>
  </datafield>
  <datafield tag="702" ind1=" " ind2="1">
    <subfield code="a">&#x41C;&#x430;&#x442;&#x432;&#x435;&#x435;&#x432;&#x430;</subfield>
    <subfield code="b">&#x413;.</subfield>
    <subfield code="4">730</subfield>
  </datafield>
  <datafield tag="702" ind1=" " ind2="1">
    <subfield code="a">&#x41A;&#x43E;&#x448;&#x43E;&#x435;&#x432;</subfield>
    <subfield code="b">&#x411;.</subfield>
    <subfield code="4">440</subfield>
  </datafield>
  <datafield tag="801" ind1=" " ind2="0">
    <subfield code="a">RU</subfield>
    <subfield code="b">NLR</subfield>
    <subfield code="g">psbo</subfield>
  </datafield>
  <datafield tag="801" ind1=" " ind2="1">
    <subfield code="a">RU</subfield>
    <subfield code="b">ELAR</subfield>
    <subfield code="2">rusmarc</subfield>
  </datafield>
  <datafield tag="852" ind1=" " ind2=" ">
    <subfield code="a">NLR</subfield>
    <subfield code="j">74-2/1423</subfield>
  </datafield>
  <datafield tag="942" ind1=" " ind2=" ">
    <subfield code="c">BOOK</subfield>
  </datafield>
  <datafield tag="980" ind1=" " ind2=" ">
    <subfield code="a">NB</subfield>
  </datafield>
  <datafield tag="995" ind1=" " ind2=" ">
    <subfield code="5">2013-10-26</subfield>
    <subfield code="b">NLR01</subfield>
    <subfield code="c">NLR01</subfield>
    <subfield code="e">RF91</subfield>
    <subfield code="f">7433942-10</subfield>
    <subfield code="k">74-2/1423</subfield>
    <subfield code="o">0</subfield>
    <subfield code="r">BOOK</subfield>
    <subfield code="s">7421423_</subfield>
  </datafield>
</record>
